| 000 | 00591nam a22001817a 4500 | ||
|---|---|---|---|
| 003 | OSt | ||
| 005 | 20220107122821.0 | ||
| 008 | 161018b xxu||||| |||| 00| 0 eng d | ||
| 040 | _cIIITMK | ||
| 100 |
_aAiswarya S Kumar (93515006) _910837 |
||
| 245 |
_aA convolutional neural network based visual object detection in marine sector _cAiswarya S Kumar |
||
| 300 | _aM Phil CS - Main Project | ||
| 502 |
_bM Phil CS
_c2015-16 _dINT _eM Phil CS - Main Project |
||
| 650 |
_aCOMPUTER SCIENCE _910838 |
||
| 650 |
_aMACHINE LEARNING _910839 |
||
| 650 |
_aOBJECT TRACKING _910840 |
||
| 942 |
_2ddc _cPR |
||
| 999 |
_c5411 _d5411 |
||